000
00304nam a2200109Ia 4500
008
171211s9999 xx 000 0 und d
245
_a
Welcome to Saudi Arabia (Welcome to the World)
245
_c
Bob Temple
260
_c
2008
650
_x
TRAVEL
856
_u
http://down.ebook777.com/063/B00ICXAMQE.pdf
999
_c
349137
_d
349137